Introducción a la psicología de la comunicación: textos y ejercicios

Guardat en:
Dades bibliogràfiques
Autors principals: López Rousseau, Alejandro (autor), Parada Cangas, Andrea (Autor), Simonetti Bagnara, Franco (Autor)
Format: Llibre
Idioma:espanyol
Publicat: Santiago Universidad Católica de Chile 1984
Matèries:
Etiquetes: Afegir etiqueta
Sense etiquetes, Sigues el primer a etiquetar aquest registre!

MARC

LEADER 00000nam a2200000 a 4500
001 UCR3444
003 CL-VaPUC
008 980124e19840000CL |||||||||||||||||spa|d
082 0 4 |a 302.2  |b LOP  |2 21 
100 |a López Rousseau, Alejandro  |e autor  |9 546424 
700 0 |a Parada Cangas, Andrea  |e author  |9 402331 
700 0 |a Simonetti Bagnara, Franco  |e author  |9 402332 
245 1 0 |a Introducción a la psicología de la comunicación: textos y ejercicios 
300 |a 238 p 
942 |c BK 
945 |d 19980124 00:00:00  |a aolguin 
260 |a Santiago  |b Universidad Católica de Chile  |c 1984 
600 0 7 |a BERLO, DAVID K  |2 CL-VaPUC  |9 402333 
650 0 |a Comunicación   |9 257251 
650 7 |a PSICOLOGIA DE LA COMUNICACION  |2 CL-VaPUC  |9 332059 
650 7 |a RETORIA  |2 CL-VaPUC  |9 402334 
650 0 |a Teoría de la información  |9 260744 
583 |a last modification  |c 19980124 00:00:00  |k Rodrigo Vera 
999 |c 266517  |d 266515 
952 |0 0  |1 0  |4 0  |6 302_200000000000000_LOP_1984  |7 0  |8 A  |9 298206  |a BIBGIM  |b BIBGIM  |d 2019-11-20  |i 1943308  |o 302.2 LOP 1984  |p 1943308  |r 2025-01-15  |w 2019-11-20  |y BK  |k SSL 
952 |0 0  |1 0  |4 0  |6 302_200000000000000_LOP_1984  |7 0  |8 A  |9 298207  |a BIBGIM  |b BIBGIM  |d 2019-11-20  |i 1939858  |o 302.2 LOP 1984  |p 1939858  |r 2025-01-15  |w 2019-11-20  |y BK  |k SSL 
952 |0 0  |1 0  |4 0  |6 302_200000000000000_LOP_1984  |7 0  |8 A  |9 298208  |a BIBENE  |b BIBENE  |d 2019-11-20  |i 1939912  |o 302.2 LOP 1984  |p 1939912  |r 2025-01-15  |w 2019-11-20  |y BK  |k ICO